00948nam a2200253 a 450000100060000000300080000600500170001400800390003102000150007003500190008504000320010404100080013608200260014424501180017026000400028830000280032850000550035650400410041165000240045271000460047694200120052299900170053495201430055124380BD-RjUL20211209001037.0140314s1995 nyua b i000 0 eng a9211422159 a(BD-RjUL)24446 aDLCcDLCdDLCdBD-RjULbeng aeng00a327.174220bDIS 199500aDisarmament :bthe unfinished disarmament agenda /cSpecial NGO Committee for Disarmament, Geneva, February 1995. aNew York :bUnited Nations,cc1995. a66 p. :bill. ;c28 cm. a"United Nations publication, sales no. E.95.IX.3." aIncludes bibliographical references. 0aDisarmament.9750572 aSpecial NGO Disarmament Committee.975058 2ddccBK c24380d24380 00102ddc40728NFICaRUCLbRUCLcReadingd1995-10-01eRegister office, RUl0o327.174 DIS 1995r2014-03-13 00:00:00tC-1w2021-12-09yBK